=LDR 00000nam 2200000 4500 =001 INLIS000000000050293 =005 20170427094437 =035 ##$$a 0010-0417000108 =007 ta =008 170427###########################0###### =020 ##$$a 978 - 979 - 002 - 582 - 0 =082 ##$$a 636.6 =084 ##$$a 636.6 WID b =100 #$$a Widi, R. =245 1#$$a Burung pleci /$c R.Widi =250 ##$$a Cet.1 =260 ##$$a Jakarta :$b Penebar Swadaya,$c 2013 =300 ##$$a iv, 116 hlm : $b Ilus ; $c 23 cm =650 ##$$a BURUNG PLECI =990 ##$$a 74657465 =990 ##$$a 74657465 =990 ##$$a 31700129 =990 ##$$a 02201707465 =990 ##$$a 31700130 =990 ##$$a 31700129